[Event "GER-ch U25-A"]
[Site "Willingen"]
[Date "2023.05.30"]
[Round "4"]
[White "Muehlich, Cornelius"]
[Black "Menzel, Maximilian"]
[Result "1-0"]
[WhiteElo "1910"]
[BlackElo "1855"]
[PlyCount "109"]
[EventDate "2023.05.27"]
[EventType "swiss"]
[EventRounds "9"]
[EventCountry "GER"]
[SourceTitle "CBM 214 Extra"]
[Source "ChessBase"]
[SourceDate "2023.07.31"]
[SourceVersion "1"]
[SourceVersionDate "2023.07.31"]
[SourceQuality "1"]

1. e4 c6 2. d4 d5 3. Nc3 dxe4 4. Nxe4 Nd7 5. Nf3 Ngf6 6. Ng3 e6 7. Bd3 Be7 8. Qe2 0-0 9. Ne5 c5 10. Be3 Qc7 11. Nxd7 Bxd7 12. c3 Nd5 13. Qh5 g6 14. Qh6 Bf6 15. 0-0 Bg7 16. Qh4 cxd4 17. cxd4 Qb6 18. b3 Bb5 19. Bc4 Bxc4 20. bxc4 Nxe3 21. fxe3 e5 22. c5 Qd8 23. Qe4 exd4 24. Rad1 Qe8 25. exd4 Qxe4 26. Nxe4 Rad8 27. d5 Rd7 28. g4 Rfd8 29. d6 h6 30. h4 Rc8 31. Rc1 Rc6 32. g5 hxg5 33. hxg5 Be5 34. Kg2 Ra6 35. Rc2 Ra4 36. Re1 Kg7 37. Kf3 Ra3+ 38. Re3 Rxe3+ 39. Kxe3 f5 40. gxf6+ Bxf6 41. Kd3 Bd8 42. Kc4 Rf7 43. Kd5 g5 44. Ke6 Kg6 45. Rh2 Rf8 46. Kd7 g4 47. Rg2 Ba5 48. Rxg4+ Kf5 49. Nf2 Ke5 50. Nd3+ Kd5 51. Nf4+ Ke4 52. Ne6+ Kf3 53. Nxf8 Kxg4 54. Kc8 Bb4 55. d7 1-0

[Event "Mittelfranken Landesliga Nord 2122"]
[Site "Mittelfranken"]
[Date "2022.05.29"]
[Round "9.4"]
[White "Krug, Stefan"]
[Black "Muehlich, Cornelius"]
[Result "0-1"]
[WhiteElo "2096"]
[BlackElo "2000"]
[PlyCount "56"]
[EventDate "2021.10.24"]
[EventType "team-tourn"]
[EventRounds "9"]
[EventCountry "GER"]
[SourceTitle "EXT 2024"]
[Source "ChessBase"]
[SourceDate "2023.10.10"]
[SourceVersion "1"]
[SourceVersionDate "2023.10.10"]
[SourceQuality "1"]
[WhiteTeam "Bamberg"]
[BlackTeam "Kelheim"]
[WhiteTeamCountry "GER"]
[BlackTeamCountry "GER"]

1. e4 c5 2. c3 g6 3. d4 cxd4 4. cxd4 d5 5. exd5 Nf6 6. Bb5+ Nbd7 7. Nc3 a6 8. Bd3 Nb6 9. Nge2 Bg7 10. 0-0 0-0 11. Bg5 Nbxd5 12. Rc1 b5 13. Ne4 Nxe4 14. Bxe4 Bb7 15. Bf3 Qd7 16. Nc3 Nxc3 17. bxc3 e6 18. Bxb7 Qxb7 19. Qb3 Qd5 20. Qxd5 exd5 21. Rfe1 Rfe8 22. Kf1 Rac8 23. Rxe8+ Rxe8 24. Bd2 Bf8 25. Ra1 Ba3 26. Rb1 Re6 27. Rb3 Be7 28. Bh6 g5 0-1

[Event "Mittelfranken Landesliga Nord 2122"]
[Site "Mittelfranken"]
[Date "2022.03.13"]
[Round "6.5"]
[White "Muehlich, Cornelius"]
[Black "Kordts, Wolfgang"]
[Result "1/2-1/2"]
[WhiteElo "2000"]
[BlackElo "2064"]
[PlyCount "150"]
[EventDate "2021.10.24"]
[EventType "team-tourn"]
[EventRounds "9"]
[EventCountry "GER"]
[SourceTitle "EXT 2024"]
[Source "ChessBase"]
[SourceDate "2023.10.10"]
[SourceVersion "1"]
[SourceVersionDate "2023.10.10"]
[SourceQuality "1"]
[WhiteTeam "Kelheim"]
[BlackTeam "Nuernberg SW"]
[WhiteTeamCountry "GER"]
[BlackTeamCountry "GER"]

1. e4 c5 2. Nf3 d6 3. d4 cxd4 4. Nxd4 Nf6 5. Nc3 a6 6. Bg5 Nbd7 7. f4 Qc7 8. Qf3 h6 9. Bh4 g5 10. fxg5 hxg5 11. Bxg5 Qc5 12. Be3 Ne5 13. Qe2 Nfg4 14. Bg1 Bh6 15. Nd5 Qa5+ 16. c3 Kf8 17. h3 Bg5 18. Nf3 Nxf3+ 19. gxf3 Bh4+ 20. Kd1 Nf6 21. Bb6 Qa4+ 22. b3 Qc6 23. Nxf6 Bxf6 24. Bd4 Bxd4 25. cxd4 Qc3 26. Rc1 Qxd4+ 27. Qd2 Qxd2+ 28. Kxd2 Bd7 29. b4 Rc8 30. Rxc8+ Bxc8 31. h4 Bd7 32. Ke3 Kg7 33. Bc4 Bc6 34. Bb3 Rh5 35. Kd4 f5 36. Be6 fxe4 37. fxe4 Kf6 38. Bg4 Re5 39. Bf3 Rb5 40. a3 a5 41. h5 Kg7 42. h6+ Kh7 43. Bh5 Rg5 44. Bf7 axb4 45. axb4 Rg4 46. Bd5 e5+ 47. Kc3 Bxd5 48. exd5 b5 49. Rf1 Rf4 50. Rh1 Rd4 51. Rf1 Rxd5 52. Rf6 Rd4 53. Re6 Rc4+ 54. Kb3 Rd4 55. Kc3 Rd5 56. Kc2 e4 57. Rxe4 Kxh6 58. Re6+ Kg5 59. Kc3 Kf4 60. Rh6 Ke5 61. Rg6 Ke4 62. Re6+ Kf4 63. Rh6 Rd1 64. Rh5 d5 65. Kc2 Rd4 66. Kb3 Ke3 67. Rh3+ Kd2 68. Rh8 Rc4 69. Rb8 Rc3+ 70. Kb2 d4 71. Rxb5 d3 72. Rh5 Rc4 73. Rh2+ Ke3 74. Kb3 Rf4 75. Kc3 Rxb4 1/2-1/2

[Event "Mittelfranken Landesliga Nord 2122"]
[Site "Mittelfranken"]
[Date "2021.11.14"]
[Round "2.6"]
[White "Lukas, Norbert"]
[Black "Muehlich, Cornelius"]
[Result "0-1"]
[WhiteElo "1933"]
[BlackElo "2000"]
[PlyCount "92"]
[EventDate "2021.10.24"]
[EventType "team-tourn"]
[EventRounds "9"]
[EventCountry "GER"]
[SourceTitle "EXT 2024"]
[Source "ChessBase"]
[SourceDate "2023.10.10"]
[SourceVersion "1"]
[SourceVersionDate "2023.10.10"]
[SourceQuality "1"]
[WhiteTeam "Schweinfurt"]
[BlackTeam "Kelheim"]
[WhiteTeamCountry "GER"]
[BlackTeamCountry "GER"]

1. e4 c5 2. Nf3 d6 3. d4 cxd4 4. Nxd4 Nf6 5. Nc3 Nc6 6. Be3 Ng4 7. Nxc6 bxc6 8. Qd2 Nxe3 9. Qxe3 g6 10. Qd4 Rg8 11. Bc4 Bg7 12. Qe3 Rb8 13. Bb3 Qa5 14. 0-0 Bf6 15. Rfd1 Be6 16. Rab1 Kf8 17. Qh6+ Bg7 18. Qf4 Be5 19. Qh6+ Ke8 20. Rd3 Bg7 21. Qxh7 Kd7 22. Qh4 Be5 23. f4 g5 24. Qf2 Bxf4 25. Rbd1 Be5 26. Na4 Kc7 27. Bxe6 fxe6 28. b3 g4 29. g3 Rbf8 30. Qe2 Rg6 31. Rf1 Rxf1+ 32. Qxf1 Rf6 33. Qe2 c5 34. c3 Qb5 35. Qd1 c4 36. Re3 cxb3 37. axb3 Rf8 38. Rd3 Rb8 39. c4 Qb4 40. Qxg4 Qe1+ 41. Kg2 Rf8 42. Qd1 Rf2+ 43. Kh3 Qxe4 44. c5 Qh7+ 45. Kg4 Qf5+ 46. Kh4 Rxh2# 0-1

[Event "Mittelfranken Landesliga Nord 2122"]
[Site "Mittelfranken"]
[Date "2021.10.24"]
[Round "1.7"]
[White "Link, Robert"]
[Black "Muehlich, Cornelius"]
[Result "1/2-1/2"]
[WhiteElo "1857"]
[BlackElo "2000"]
[PlyCount "71"]
[EventDate "2021.10.24"]
[EventType "team-tourn"]
[EventRounds "9"]
[EventCountry "GER"]
[SourceTitle "EXT 2024"]
[Source "ChessBase"]
[SourceDate "2023.10.10"]
[SourceVersion "1"]
[SourceVersionDate "2023.10.10"]
[SourceQuality "1"]
[WhiteTeam "Klingenberg"]
[BlackTeam "Kelheim"]
[WhiteTeamCountry "GER"]
[BlackTeamCountry "GER"]

1. d4 d5 2. c4 c6 3. Nf3 Nf6 4. g3 dxc4 5. Bg2 b5 6. Ne5 Bb7 7. a4 a6 8. Na3 e6 9. 0-0 Be7 10. e3 0-0 11. Bd2 Nd5 12. e4 Nb6 13. Ba5 Bd6 14. Ng4 Bc7 15. e5 Nd5 16. Bd2 c5 17. axb5 cxd4 18. b6 Bxb6 19. Nxc4 Bc7 20. Bh6 Nd7 21. Be4 Nc3 22. Bxh7+ Kxh7 23. bxc3 gxh6 24. Qb1+ Kh8 25. Qxb7 h5 26. Nf6 Nxe5 27. Nxe5 Bxe5 28. Nd7 Qe7 29. Qf3 Qxd7 30. Qxh5+ Kg8 31. Qxe5 Rfd8 32. Rfd1 d3 33. Rd2 Qd5 34. Qe3 Qc4 35. Rad1 Qxc3 36. Rxd3 1/2-1/2

[Event "DSOL 01 Liga Gr-C 1st"]
[Site "Playchess.com INT"]
[Date "2020.07.24"]
[Round "5.3"]
[White "Lambert, Andreas"]
[Black "Muehlich, Cornelius"]
[Result "1-0"]
[WhiteElo "2091"]
[BlackElo "1890"]
[PlyCount "71"]
[EventDate "2020.06.22"]
[EventType "team-tourn (rapid)"]
[EventCountry "GER"]
[SourceTitle "EXT 2021"]
[Source "ChessBase"]
[SourceDate "2020.10.23"]
[SourceVersion "1"]
[SourceVersionDate "2020.10.23"]
[SourceQuality "1"]
[WhiteTeam "Ludwigshafen"]
[BlackTeam "Kelheim"]
[WhiteTeamCountry "GER"]
[BlackTeamCountry "GER"]

1. Nf3 c5 2. e4 d6 3. Bb5+ Bd7 4. a4 g6 5. 0-0 Bg7 6. Re1 Nc6 7. c3 e6 8. d4 cxd4 9. cxd4 Nge7 10. Nc3 0-0 11. Be3 a6 12. Bf1 Rc8 13. Qd2 Na5 14. Ra3 Nc4 15. Bxc4 Rxc4 16. Bh6 Qc7 17. Bxg7 Kxg7 18. h4 h5 19. Qg5 Ng8 20. Qe3 b5 21. axb5 axb5 22. Rb3 b4 23. Ne2 Qa5 24. Ng3 Rc2 25. e5 Rfc8 26. Qf4 Ba4 27. Ng5 R8c7 28. Rf3 dxe5 29. Rxe5 Qa7 30. Rxe6 Re7 31. Qe5+ Kf8 32. Rxe7 Nxe7 33. Rxf7+ Ke8 34. Qh8+ Kd7 35. Rxe7+ Kxe7 36. Qg7+ 1-0

[Event "DSOL 01 Liga Gr-C 1st"]
[Site "Playchess.com INT"]
[Date "2020.07.14"]
[Round "4.3"]
[White "Muehlich, Cornelius"]
[Black "Sattler, Wolfgang"]
[Result "0-1"]
[WhiteElo "1890"]
[BlackElo "1989"]
[PlyCount "68"]
[EventDate "2020.06.22"]
[EventType "team-tourn (rapid)"]
[EventCountry "GER"]
[SourceTitle "EXT 2021"]
[Source "ChessBase"]
[SourceDate "2020.10.23"]
[SourceVersion "1"]
[SourceVersionDate "2020.10.23"]
[SourceQuality "1"]
[WhiteTeam "Kelheim"]
[BlackTeam "Lauffen"]
[WhiteTeamCountry "GER"]
[BlackTeamCountry "GER"]

1. c4 c5 2. g3 Nc6 3. Bg2 g6 4. Nc3 Bg7 5. Nf3 d6 6. 0-0 Bd7 7. e3 Qc8 8. Re1 Bg4 9. a3 h5 10. Qc2 Nf6 11. b3 h4 12. Bb2 hxg3 13. fxg3 Bxf3 14. Bxf3 Qh3 15. Re2 Ng4 16. d3 0-0-0 17. Nd5 Bxb2 18. Qxb2 Nge5 19. Bh1 Nxd3 20. Qd2 Nde5 21. b4 e6 22. Nf4 Qg4 23. b5 Nxc4 24. Qa2 N6e5 25. Rc1 d5 26. e4 Rxh2 27. Rxh2 Qxg3+ 28. Rg2 Nf3+ 29. Kf1 Qxf4 30. Rc3 Nfd2+ 31. Kg1 Qf1+ 32. Kh2 Rh8+ 33. Kg3 Nxe4+ 34. Kg4 Ne5# 0-1

[Event "Regionalliga Nord-Ost 1819"]
[Site "Bayern"]
[Date "2019.03.24"]
[Round "8.3"]
[White "Kalous, Miroslav"]
[Black "Muehlich, Cornelius"]
[Result "0-1"]
[WhiteElo "1984"]
[BlackElo "1914"]
[PlyCount "90"]
[EventDate "2018.10.21"]
[EventType "team-tourn"]
[EventRounds "9"]
[EventCountry "GER"]
[SourceTitle "EXT 2022"]
[Source "ChessBase"]
[SourceDate "2021.10.06"]
[SourceVersion "1"]
[SourceVersionDate "2021.10.06"]
[SourceQuality "1"]
[WhiteTeam "Windischeschenbach"]
[BlackTeam "Kelheim SK II"]
[WhiteTeamCountry "GER"]
[BlackTeamCountry "GER"]

1. d4 d5 2. Nf3 Nf6 3. g3 Bf5 4. Bg2 e6 5. Nbd2 h6 6. 0-0 Be7 7. b3 0-0 8. Bb2 Nbd7 9. e3 c5 10. Re1 Rc8 11. c4 Ne4 12. cxd5 exd5 13. dxc5 Ndxc5 14. Bd4 Nd3 15. Re2 Nc3 16. Bxc3 Rxc3 17. Nd4 Nb2 18. Qe1 Nd3 19. Qf1 Bg6 20. f4 Bf6 21. N2f3 Be4 22. Rd1 Qb6 23. Red2 Nb4 24. Qf2 Re8 25. Ne1 Qc5 26. Bxe4 Rxe4 27. Nd3 Nxd3 28. Rxd3 Rxd3 29. Rxd3 Bxd4 30. exd4 Qe7 31. Rd2 Re3 32. Rc2 g6 33. f5 Qe4 34. Rc1 Re2 35. Qf1 Qxd4+ 36. Kh1 Qe4+ 37. Kg1 gxf5 38. a4 d4 39. Rd1 Qe3+ 40. Kh1 Qe4+ 41. Kg1 d3 42. Qh3 Re1+ 43. Rxe1 Qxe1+ 44. Kg2 Qe2+ 45. Kg1 d2 0-1

[Event "Bayernliga U20 1718"]
[Site "Bayern"]
[Date "2017.12.02"]
[Round "2.2"]
[White "Hoffmann, Sebastian1"]
[Black "Muehlich, Cornelius"]
[Result "1-0"]
[WhiteElo "2098"]
[BlackElo "1913"]
[PlyCount "127"]
[EventDate "2017.11.18"]
[EventType "team-tourn"]
[EventRounds "7"]
[EventCountry "GER"]
[SourceTitle "EXT 2022"]
[Source "ChessBase"]
[SourceDate "2021.10.06"]
[SourceVersion "1"]
[SourceVersionDate "2021.10.06"]
[SourceQuality "1"]
[WhiteTeam "Nuernberg Noris Tarrasch U20"]
[BlackTeam "Kelheim SK U20"]
[WhiteTeamCountry "GER"]
[BlackTeamCountry "GER"]

1. e4 c5 2. c3 Nf6 3. e5 Nd5 4. d4 cxd4 5. Nf3 e6 6. cxd4 Nc6 7. Bc4 Nb6 8. Bd3 Nb4 9. Be2 Be7 10. 0-0 0-0 11. Nc3 d6 12. Ne4 dxe5 13. dxe5 Qxd1 14. Rxd1 Bd7 15. Bg5 Bxg5 16. Nfxg5 h6 17. Nf3 Bc6 18. Nd6 Rab8 19. Nd4 Bd5 20. a3 Nc6 21. Nxc6 Bxc6 22. Rac1 Nd5 23. b4 Nf4 24. Bf1 Ng6 25. b5 Bd5 26. Bc4 Bxc4 27. Nxc4 Rfd8 28. g3 Rxd1+ 29. Rxd1 Rc8 30. Rd4 Rc5 31. a4 Nxe5 32. Nxe5 Rxe5 33. Rd8+ Kh7 34. Rd7 Re4 35. Rxf7 Rxa4 36. Rxb7 Kg6 37. Kg2 Ra2 38. Kf3 Kf6 39. h4 Ra3+ 40. Kg4 g6 41. h5 Ra4+ 42. f4 Ra1 43. Rh7 gxh5+ 44. Kxh5 Ra5 45. Rxh6+ Kf7 46. Rh7+ Kf6 47. g4 Rxb5+ 48. g5+ Kf5 49. Rf7+ Ke4 50. Kh6 Rb1 51. g6 Rh1+ 52. Kg7 a5 53. Kf6 Rg1 54. Re7 Kxf4 55. Rxe6 a4 56. Ra6 Kg4 57. Ra5 Rf1+ 58. Kg7 a3 59. Rxa3 Rf5 60. Kg8 Kg5 61. g7 Rf6 62. Rg3+ Kh6 63. Rh3+ Kg6 64. Kh8 1-0

[Event "Landesliga U20 Nord 1617"]
[Site "Bayern"]
[Date "2017.01.21"]
[Round "5.2"]
[White "Muehlich, Cornelius"]
[Black "Hoffmann, Sebastian1"]
[Result "0-1"]
[WhiteElo "1862"]
[BlackElo "1990"]
[PlyCount "86"]
[EventDate "2016.11.12"]
[EventType "team-tourn"]
[EventRounds "7"]
[EventCountry "GER"]
[SourceTitle "EXT 2022"]
[Source "ChessBase"]
[SourceDate "2021.10.06"]
[SourceVersion "1"]
[SourceVersionDate "2021.10.06"]
[SourceQuality "1"]
[WhiteTeam "Kelheim SK U20"]
[BlackTeam "Nuernberg NT U20"]
[WhiteTeamCountry "GER"]
[BlackTeamCountry "GER"]

1. c4 e5 2. g3 Nf6 3. Bg2 h6 4. Nc3 Bb4 5. Nd5 Nxd5 6. cxd5 0-0 7. a3 Bc5 8. e3 d6 9. Ne2 c6 10. d4 Bb6 11. 0-0 cxd5 12. Bxd5 Nc6 13. Qd3 Bh3 14. Rd1 Rc8 15. b4 exd4 16. Nxd4 Qf6 17. Bb2 Ne5 18. Qb3 Bg4 19. Rdc1 Bxd4 20. Bxd4 Nf3+ 21. Kg2 Nxd4 22. exd4 Be6 23. Qf3 Rxc1 24. Rxc1 Qg5 25. Bxe6 Qxc1 26. Bd5 b6 27. Be4 Qg5 28. Bd5 Qf6 29. Qc3 Re8 30. Bf3 Qe6 31. Qc7 Re7 32. Qc6 g6 33. Qc2 Re8 34. Qa4 Rc8 35. Qxa7 Rc1 36. Qa8+ Kg7 37. Be4 Qc4 38. Qb7 Qf1+ 39. Kf3 Rc3+ 40. Kg4 Qe2+ 41. Kh3 Qf1+ 42. Kg4 Qxf2 43. Qxb6 f5+ 0-1

[Event "Landesliga U20 Nord 1617"]
[Site "Bayern"]
[Date "2016.12.10"]
[Round "2.2"]
[White "Grepmair, Marius"]
[Black "Muehlich, Cornelius"]
[Result "0-1"]
[WhiteElo "1537"]
[BlackElo "1862"]
[PlyCount "78"]
[EventDate "2016.11.12"]
[EventType "team-tourn"]
[EventRounds "7"]
[EventCountry "GER"]
[SourceTitle "EXT 2022"]
[Source "ChessBase"]
[SourceDate "2021.10.06"]
[SourceVersion "1"]
[SourceVersionDate "2021.10.06"]
[SourceQuality "1"]
[WhiteTeam "Kareth Lappersdorf U20"]
[BlackTeam "Kelheim SK U20"]
[WhiteTeamCountry "GER"]
[BlackTeamCountry "GER"]

1. e4 c5 2. Na3 Nc6 3. Bb5 d6 4. c3 e5 5. d3 g6 6. Nf3 Bg7 7. Bxc6+ bxc6 8. Be3 Ne7 9. Qd2 0-0 10. Nc4 f5 11. Bh6 Be6 12. Bxg7 Kxg7 13. Ng5 Bg8 14. f3 Nc8 15. Nh3 Nb6 16. b3 Qe7 17. 0-0-0 d5 18. Ne3 f4 19. Nc2 dxe4 20. fxe4 Be6 21. Ng1 a5 22. h3 a4 23. Kb2 Rfd8 24. Qe2 Qb7 25. Na1 axb3 26. axb3 Qa6 27. c4 Qa3+ 28. Kc3 Qb4+ 29. Kb2 Na4+ 30. Kc1 Nc3 31. Qb2 Ra2 32. Nc2 Qa5 33. b4 Rxb2 34. bxa5 Rb1+ 35. Kd2 Rxd1+ 36. Kxc3 R1xd3+ 37. Kb2 Rb8+ 38. Ka1 Rd1+ 39. Ka2 Bxc4+ 0-1

[Event "Bayernliga U20 1516"]
[Site "Bayern"]
[Date "2015.12.19"]
[Round "3.4"]
[White "Muehlich, Cornelius"]
[Black "Koerber, Christian"]
[Result "1-0"]
[WhiteElo "1750"]
[BlackElo "1671"]
[PlyCount "45"]
[EventDate "2015.11.21"]
[EventType "team-tourn"]
[EventRounds "7"]
[EventCountry "GER"]
[SourceTitle "EXT 2022"]
[Source "ChessBase"]
[SourceDate "2021.10.06"]
[SourceVersion "1"]
[SourceVersionDate "2021.10.06"]
[SourceQuality "1"]
[WhiteTeam "Kelheim SK U20"]
[BlackTeam "Nuernberg Sued SW U20"]
[WhiteTeamCountry "GER"]
[BlackTeamCountry "GER"]

1. c4 b6 2. Nf3 Bb7 3. g3 e6 4. Bg2 Be7 5. 0-0 h5 6. d4 h4 7. d5 hxg3 8. fxg3 Bc5+ 9. e3 exd5 10. cxd5 Nf6 11. Nc3 0-0 12. Rb1 Re8 13. Nd4 c6 14. b4 Bf8 15. e4 cxd5 16. exd5 Na6 17. Bg5 Be7 18. Nf5 Bxb4 19. Nh6+ Kf8 20. Bxf6 gxf6 21. Qg4 Bxc3 22. Qg8+ Ke7 23. Nf5# 1-0

[Event "Oberpfalz-ch M2"]
[Site "Schwandorf"]
[Date "2015.03.31"]
[Round "7"]
[White "Muehlich, Cornelius"]
[Black "Miethaner, Ulrich"]
[Result "1-0"]
[WhiteElo "1596"]
[BlackElo "1682"]
[PlyCount "53"]
[EventDate "2015.03.28"]
[EventType "swiss"]
[EventRounds "8"]
[EventCountry "GER"]
[SourceTitle "EXT 2022"]
[Source "ChessBase"]
[SourceDate "2021.10.06"]
[SourceVersion "1"]
[SourceVersionDate "2021.10.06"]
[SourceQuality "1"]

1. c4 e5 2. g3 Nc6 3. Bg2 Bc5 4. Nc3 d6 5. Nf3 f5 6. d3 Nf6 7. a3 a6 8. b4 Ba7 9. Qc2 0-0 10. 0-0 f4 11. gxf4 Qe8 12. Be3 Bxe3 13. fxe3 exf4 14. exf4 Qe3+ 15. Kh1 Qxf4 16. Nd5 Qh6 17. Qd2 Qh5 18. Nxc7 Rb8 19. Qg5 Qf7 20. Nd5 Qe8 21. Nxf6+ Rxf6 22. Qd2 Bg4 23. Rae1 Qd7 24. Ng5 Rbf8 25. Rxf6 Rxf6 26. Ne4 Rh6 27. Qxh6 1-0